Qui ment ? - Statistiques

Statistiques générales
  • Ce quiz a été pris 45 fois
  • Le résultat moyen est 5 sur 8
Statistiques - réponses
Question Réponse % Correct
Thème : Mozart : Qui ment ? Leopold "Mozart a été enterré dans un tombeau luxueux financé par l'Empereur."
75%
Thème : Internet : Qui ment ? Steve "Le premier email a été envoyé en 1972 par Bill Gates."
70%
Thème : Napoléon Bonaparte : Qui ment ? Wellington "Napoléon mesurait 1,57 m, ce qui était en dessous de la moyenne de l'époque."
68%
Thème : Les requins: Qui ment ? Jacques "Les requins sont des mammifères marins comme les dauphins."
65%
Thème : L'eau : Qui ment ? Marie "L'eau bout à 100°C à une altitude de 8 848 m (Everest)."
60%
Thème : La Tour Eiffel : Qui ment ? Marguerite "La Tour Eiffel a été construite pour l'Exposition Universelle de 1900."
58%
Thème : La Lune : Qui ment ? Tesla "La Lune génère sa propre lumière par bioluminescence."
53%
Thème : Les abeilles : Qui ment ? Flore "Les mâles abeilles (faux-bourdons) meurent juste après l'accouplement."
38%
Aucun quiz correspondant
Distribution des résultats
% des personnes avec chaque résultat
Percentile par nombre de réponses
Votre historique - résultats
Vous n’avez pas pris ce quiz